banner koha

Contribuicao para o conhecimento da biologia do Apaiari, Astronotus ocellatus (spix)(pisces cichlidae), em cativeiro. Aparelho de reproducao. Habito de desova e prolificidade [Brasil] (Registro n. 260849)

MARC details
000 -LÍDER
campo de controle de tamanho fixo 01212nac a22003257a 4500
001 - NÚMERO DE CONTROLE
campo de controle BR5400176
003 - IDENTIFICADOR DO NÚMERO DE CONTROLE
campo de controle BR-BrBNA
005 - DATA E HORÁRIO DA ÚLTIMA TRANSAÇÃO
campo de controle 20240105112912.0
008 - CAMPO DE DADOS FIXOS--INFORMAÇÃO GERAL
campo de controle de tamanho fixo 230509b bl.|||m| |||| 00| 0 por d
040 ## - FONTE DA CATALOGAÇÃO
Instituição da catalogação original BR-BrBNA
Idioma da catalogação por
Instituição que transcreveu o registro Biblioteca Nacional de Agricultura
072 ## - CÓDIGO DE CATEGORIA DE ASSUNTO
Código de Categoria de Assunto M10; M40
090 ## - NÚMERO DE CHAMADA LOCAL
Número de chamada 8140 BR5400176
100 1# - ENTRADA PRINCIPAL--NOME PESSOAL
Nome pessoal Fontenele, O.
110 1# - ENTRADA PRINCIPAL--NOME CORPORATIVO
Nome corporativo ou nome da jurisdição Departamento Nacional de Obras Contra as Secas, Fortaleza, CE (Brasil)
245 1# - TÍTULO
Título Contribuicao para o conhecimento da biologia do Apaiari, Astronotus ocellatus (spix)(pisces cichlidae), em cativeiro. Aparelho de reproducao. Habito de desova e prolificidade [Brasil]
260 3# - PUBLICAÇÃO, DISTRIBUIÇÃO, ETC.
Local de publicação, distribuição, etc. Fortaleza, CE (Brasil):
Data da publicação, distribuição, etc. 1954.
300 ## - DESCRIÇÃO FÍSICA
Extensão 29 p.
490 ## - TÍTULO DA SÉRIE
Título da série Publicacao. Serie I-C - Departamento Nacional de Obras Contra as Secas (Brazil)
Número do volume ou designação sequencial da série no. 154
ISSN - International Standard Serial Number
500 ## - NOTA GERAL
Nota geral Summary (Pt); 4 illus.; 7 ref.; Reprint of Revista Brasileira de Biologia, v. 11(4)Dec 1951
650 ## - ASSUNTO--TERMO TÓPICO
Cabeçalho tópico ou nome geográfico APAIARI
650 ## - ASSUNTO--TERMO TÓPICO
Cabeçalho tópico ou nome geográfico PEIXE DE AGUA DOCE
650 ## - ASSUNTO--TERMO TÓPICO
Cabeçalho tópico ou nome geográfico CRIACAO
650 ## - ASSUNTO--TERMO TÓPICO
Cabeçalho tópico ou nome geográfico DESOVA
650 ## - ASSUNTO--TERMO TÓPICO
Cabeçalho tópico ou nome geográfico BIOLOGIA AQUATICA
650 ## - ASSUNTO--TERMO TÓPICO
Cabeçalho tópico ou nome geográfico REPRODUCAO
650 ## - ASSUNTO--TERMO TÓPICO
Cabeçalho tópico ou nome geográfico INCUBACAO ARTIFICIAL
650 ## - ASSUNTO--TERMO TÓPICO
Cabeçalho tópico ou nome geográfico CEARA
909 ## -
-- 202312
-- Lúcia Elande
-- 55
-- Lúcia Elande
942 ## - ELEMENTOS DE ENTRADA ADICIONADOS (KOHA)
Fonte da classificação ou esquema de arquivamento na estante Classificação AGRIS
Ocultar no OPAC Não
Tipo de material Koha Monografia Seriada
Exemplares
Situação do descarte Fonte da classificação ou esquema de arquivamento na estante Situação física Não pode ser emprestado Coleção Biblioteca de origem Biblioteca atual Localização na estante Total de empréstimos Número de telefone completo Código de barras Data de último acesso Tipo de material Koha Fonte de aquisição
  Classificação AGRIS       Biblioteca Nacional de Agricultura - Binagri Biblioteca Nacional de Agricultura - Binagri Agrobase - Acervo Geral   8140 BR5400176 8140 BR5400176 18/12/2023 Monografia Seriada Portaria Interministerial nº 164/94

BINAGRI

Telefone: (61)3218-2567/2388/3357/2097 - binagri@agro.gov.br

Ministério da Agricultura e Pecuária , Esplanada dos Ministérios, Bloco D, Anexo B, Brasília/DF, CEP: 70.043-900